000 00646nam a2200241Ia 4500
003 OSt
005 20220918210947.0
006 a|||||r|||| 00| 0
007 ta
008 220917b |||||||| |||| 00| 0 eng d
024 _a122,805
037 _cTextual
040 _aARTS
_cARTS
_beng
041 _2eng
_aeng
082 _aWxM79, L8
100 _aKnei-Paz Baruch
_9119675
245 0 _aSocial and political thought of Leon Trotsky
260 _aOxford
_bClarendon Press
_c1978
300 _axx,629p.
_ccm.
650 _aPOLITICAL SCIENCE
942 _hWxM79, L8
_cTEXL
_2CC
999 _c245994
_d245994